00339nam a2200145Ia 4500008004100000020001400041041000800055082001700063100003400080245002600114250000600140260002600146300001200172650000900184210716s1990 xx 000 0 und d a133075702 aeng a005.134 MCCR aMcclure, Rhyder; Stark, Paul. aFast access dbase iv. a1 aNew YorkbBradyc1990 axvi,328 aNone